[Event "3rd Dvoretsky Memorial 2021"]
[Site "Moscow"]
[Date "2021.02.11"]
[Round "6.2"]
[White "Makarian, Rudik"]
[Black "Savchenko, Boris"]
[Result "0-1"]
[WhiteElo "2461"]
[BlackElo "2552"]
[Annotator "TA"]
[PlyCount "86"]
[EventDate "2021.02.10"]
[EventType "tourn"]
[EventCountry "RUS"]
[Tiebreak "Koya+Number of wins"]
[SourceTitle "playchess.com"]
[Source "ChessBase"]
[SourceQuality "1"]

{[%evp 13,86,14,21,0,0,0,0,0,20,16,39,11,8,0,9,0,24,21,37,0,64,57,51,35,30,0,0,
0,0,-94,-94,-80,-90,-89,-97,-81,0,-85,-85,-92,-83,-192,-185,-269,-268,-267,
-266,-634,-615,-597,-484,-462,-350,-275,-325,-655,-645,-6732,-6385,-29974,
-29975,-5497,-1243,-1056,-980,-962,-372,-369,-350,-406,-406,-422,-405,-1266,
-791]} 1. d4 e6 2. c4 b6 3. Nf3 Bb7 4. g3 Bb4+ 5. Nbd2 a5 6. Bg2 Nf6 7. O-O O-O
8. b3 {[#] E16: Queen's Indian: 4 g3 Bb7 5 Bg2 Bb4+.} a4 $146 ({Predecessor:} 
8... Bc3 9. Rb1 Nc6 10. Bb2 Bxb2 11. Rxb2 d5 12. e3 Qe7 13. Qb1 a4 14. bxa4
Rxa4 15. c5 Ba6 {1-0 (44) Fradkin,B (2465)-Erenska Barlo,H (2246) Hockenheim
2007}) 9. bxa4 Qe8 10. Rb1 {The position is equal.} Bxd2 11. Bxd2 Be4 12. Rb2
d6 13. a5 bxa5 14. Bg5 Nfd7 15. Bh3 h6 {[#] Hoping for ...Bxf3.} 16. Bc1 Ra7 (
16... Nc6 $11) 17. Nd2 $14 Bb7 18. e4 Nc6 {[%cal Bb8c6,Bc6b4,Bb4a2][%mdl 32]}
19. Nb1 (19. d5 $5 {[%cal Rb2b7]} Nce5 20. Rb1 $14) 19... Ba6 20. Na3 Nb6 21.
Rc2 (21. Bg2 $11 {keeps the balance.}) 21... Nb4 $17 22. Rc3 Nxa2 23. Rc2 Nb4
24. Rc3 Na2 25. Rc2 Nxc1 {White is on the road to losing.} 26. Qxc1 e5 27. c5 (
27. dxe5 $17 Qxe5 28. Qe3) 27... Bxf1 $19 ({Not} 27... exd4 28. cxb6 Bxf1 29.
Qxf1 $16) 28. cxb6 (28. Qxf1 $142 Na8 29. Nb5) 28... Bxh3 29. bxa7 Qa8 ({
Don't play} 29... exd4 30. f3 $19) 30. Nb5 $2 (30. Qe3 Qxa7 31. dxe5 Qxe3 32.
fxe3) 30... Qxe4 {[%csl Gh3][%cal Re4g2] [#]} 31. f3 Qb7 32. Rb2 c6 33. Nxd6
Qxa7 34. Rd2 (34. Qc5 Qxc5 35. dxc5) 34... exd4 35. g4 d3+ 36. Kh1 Qe3 37. Qd1
Rd8 38. Nf5 Qf4 39. Kg1 Re8 $2 (39... Qe5 40. f4 Qxf4 41. Rxd3 Rxd3 42. Ne7+
Kf8 43. Qxd3 Qxg4+ 44. Kf2 Kxe7 45. Qa3+ Kf6 46. Qc3+ Kg6 47. Qxc6+ Kh7 48.
Qc2+ g6) 40. Rxd3 Qc7 {Strongly threatening ...Qb6+.} 41. Qa1 {[%csl Gf5][%cal
Ra1g7]} f6 {Threatens to win with ...Re2.} 42. Qa2+ Kh8 {( -> ...Re1+)} 43. Qb2
(43. Ne3 $142) 43... Re1+ {Weighted Error Value: White=0.87/Black=0.31} 0-1

[Event "3rd Dvoretsky Memorial 2021"]
[Site "Moscow"]
[Date "2021.02.11"]
[Round "6.3"]
[White "Grachev, Boris"]
[Black "Kobalia, Mikhail"]
[Result "1-0"]
[WhiteElo "2619"]
[BlackElo "2587"]
[Annotator "TA"]
[PlyCount "57"]
[EventDate "2021.02.10"]
[EventType "tourn"]
[EventCountry "RUS"]
[Tiebreak "Koya+Number of wins"]
[SourceTitle "playchess.com"]
[Source "ChessBase"]
[SourceQuality "1"]

{[%evp 9,57,31,34,33,39,28,52,43,51,51,48,42,54,44,50,41,58,55,56,56,83,59,100,
83,89,97,86,95,129,133,142,131,197,226,216,212,278,243,244,144,295,289,273,287,
648,661,933,918,897,887]} 1. d4 d5 2. Nf3 Nf6 3. c4 c6 4. e3 a6 5. Nbd2 Bf5 6.
Nh4 {D11: Slav Defence: 3 Nf3 sidelines and 3...Nf6 4 e3 Bg4.} Be6 7. Be2 {[#]}
g6 $146 ({Predecessor:} 7... Nbd7 8. O-O g6 9. b4 Bg7 10. Bb2 dxc4 11. Nxc4 O-O
12. Rc1 Nb6 13. Na5 Qc7 {0-1 (40) Saiyn,Z (2409)-Aradhya,G (2180) Porto Carras
2015}) 8. O-O {White is slightly better.} Bg7 9. b3 O-O 10. Bb2 Ne4 11. Nhf3 f5
12. Rc1 Kh8 13. Ne5 Nd7 14. Nd3 a5 15. a4 Qb6 16. Nf4 Bg8 17. cxd5 cxd5 18. Bb5
Nb8 19. Ba3 Nd6 20. Rc5 Ne4 {[#]} (20... Nc6 $16 21. Nxd5 Qd8) 21. Nxe4 $1 $18
({Much less strong is} 21. Nxd5 $6 Bxd5 22. Rxd5 Nc3 $16) 21... dxe4 {[#]} 22.
Bc4 Nc6 23. Bxg8 Rxg8 24. Ne6 (24. Rb5 $18 Qc7 25. Ne6) 24... Bf6 $2 {Loses
the game.} (24... Nb4 $16) 25. Rb5 Qa7 26. d5 Nd8 $2 {[#]} (26... Nb4 27. Qd2 (
27. Bxb4 axb4 28. d6 exd6 $18) 27... b6 28. Bxb4 axb4 29. Qxb4 Rgb8) 27. Bxe7
$1 {[%mdl 512] White is clearly winning.} Nxe6 (27... Bg7 28. Nxg7) 28. Bxf6+
Ng7 29. d6 {Weighted Error Value: White=0.09/Black=0.38} 1-0

[Event "3rd Dvoretsky Memorial 2021"]
[Site "Moscow"]
[Date "2021.02.11"]
[Round "6.4"]
[White "Inarkiev, Ernesto"]
[Black "Murzin, Volodar"]
[Result "1-0"]
[WhiteElo "2654"]
[BlackElo "2478"]
[Annotator "TA"]
[PlyCount "93"]
[EventDate "2021.02.10"]
[EventType "tourn"]
[EventCountry "RUS"]
[Tiebreak "Koya+Number of wins"]
[SourceTitle "playchess.com"]
[Source "ChessBase"]
[SourceQuality "1"]

{[%evp 16,93,49,52,67,60,70,68,92,71,97,82,78,22,19,27,15,12,14,-300,-287,-295,
-286,-337,-9,0,94,99,70,14,24,-22,0,-21,68,57,102,100,225,0,0,0,0,0,62,60,71,
67,193,191,339,311,276,195,662,654,656,647,618,139,145,0,0,0,0,0,0,-35,-42,
-295,-311,-303,-302,-328,-320,-310,309,306,673,666]} 1. d4 Nf6 2. c4 g6 3. Nc3
Bg7 4. e4 O-O 5. Nf3 d6 6. Be2 e5 7. Be3 Nc6 8. d5 Ne7 9. Nd2 c6 {E92: King's
Indian: Classical: 6 Be2 e5: 7 dxe5, 7 Be3 and Petrosian System without 7...
Nbd7.} 10. b4 Bd7 11. O-O {[#]} h5 $146 {White is slightly better.} ({
Predecessor:} 11... a6 12. Rc1 b5 13. a3 Qb8 14. dxc6 Bxc6 15. Nd5 Nexd5 16.
cxd5 Bd7 17. f3 Nh5 {0-1 (39) Zaltsman,V-Zaitsev,I Dubna 1972}) 12. f3 Kh7 13.
Nb3 cxd5 14. exd5 (14. cxd5 $16 Bh6 15. Bxh6 Kxh6 16. Qd2+ Kg7 17. Qe3) 14...
Nf5 $11 15. Bf2 Bh6 16. Qd3 h4 17. g4 $2 {[%mdl 8192]} (17. a4 $11 {and White
has nothing to worry.}) 17... hxg3 $1 $19 18. hxg3 Nh5 19. Ne4 {[#]} Rh8 $2 (
19... Nfxg3 $1 $19 {[%mdl 512]} 20. Nxg3 (20. Bxg3 $2 f5 $19) 20... Bf4) 20. f4
$1 $11 {[%cal Rf4e5]} exf4 (20... Nf6 $11 21. fxe5 Nxe4 22. Qxe4 Re8) 21. Bxh5
$16 (21. g4 $6 Nhg3 $11) 21... gxh5 22. Nd4 (22. Nxd6 $1 $14 Qf6 23. Ne4 (23.
Nxb7 $2 fxg3 24. Bxg3 Qg6 $19)) 22... Kg8 23. gxf4 Kf8 24. Kh1 Rg8 (24... Nxd4
$11 25. Qxd4 Bg7) 25. Rg1 Rg4 (25... Bxf4 $2 26. Qf3 $18) 26. Rxg4 hxg4 27. Rg1
$2 (27. Kg2 $1 $18) 27... Nxd4 $1 $11 28. Qxd4 {Intending Qh8+ and mate.} Bg7
29. Qd2 Kg8 ({Better is} 29... a5 $11) 30. Kg2 (30. Nxd6 $2 Qf6 $19) 30... a5
31. b5 {[%cal Bb4b5,Bb5b6][%mdl 32]} (31. Nxd6 axb4 32. Rh1 (32. Nxb7 Qf6 $17)
32... Qf6 $15) 31... Qc7 (31... Bf5 $14 32. Ng3 Qf6) 32. Qd3 $1 $18 Re8 (32...
Bf5 {might work better.}) 33. b6 Qb8 34. Ng5 Qc8 $2 (34... f5 35. c5 Bf6) 35.
Qh7+ $1 Kf8 36. Qh5 {[%csl Gg5][%cal Rh5f7]} Re7 37. c5 (37. Re1 $18 {is the
precise move to win. Threatening mate with Rxe7.} Qe8 38. Nh7+ Kg8 39. Qg5 $1 (
39. Rxe7 Qxe7 40. Ng5 Bf5 $17) 39... Rxe1 40. Nf6+ {[%mdl 64] Double Attack}
Kf8 41. Nxe8 Rxe8 42. f5) 37... Bf5 $16 {Hoping for ...Bg6.} (37... dxc5 $2 38.
Re1 $18) 38. Rc1 (38. Kg3 $1 $16) 38... Bg6 $1 $11 {[%cal Rg6h5]} 39. Qh4 Qf5
$36 {[%mdl 2048] Black has good play.} 40. cxd6 {Strongly threatening Ne6+!}
Re8 (40... Qxd5+ $6 41. Kh2 $16) 41. Rd1 Kg8 {[%mdl 1024] And now ...Bf6 would
win. Black has compensation.} (41... Qxf4 $2 42. d7 $18) 42. Ne6 $2 {[%mdl
8192]} Bf6 $1 $19 {[%cal Rf6h4]} (42... fxe6 43. d7 $16) 43. d7 {[%cal Rd7e8] 
[#]} Rd8 {[%mdl 512]} 44. Qh6 {[#]} (44. Ng5 Qxd7) 44... Qe4+ $1 ({And not} 
44... fxe6 45. dxe6 Qe4+ 46. Kh2 $11) ({Avoid the trap} 44... Rxd7 $2 45. Qf8+
Kh7 46. Rh1+ Bh5 47. Ng5+ Kg6 48. Qg8+ Kh6 49. Bc5 $18 (49. Nxf7+ $2 Rxf7 50.
Qxf7 Qe4+ 51. Kg1 Qb1+ 52. Kh2 Qxh1+ 53. Kxh1 Bxf7 $19)) (44... Qc2 45. Re1 $11
) 45. Kg1 Rxd7 $4 {[%mdl 8192] [#]} (45... fxe6 46. dxe6 g3 47. Bxg3 $11) (
45... g3 $19 {and all is fine.} 46. Bxg3 Qf3) 46. Re1 $1 $18 {[%cal Re1e4]}
Qxd5 (46... Qc2 47. Qf8+ Kh7 48. Ng5+ Bxg5 49. fxg5 f6 50. Qh6+ (50. gxf6 g3
$14) 50... Kg8 51. gxf6 g3 52. Bxg3 Qf5) 47. Nc7 {[%cal Re1e8] What a fight! 
Weighted Error Value: White=0.48/Black=0.71} 1-0

[Event "3rd Dvoretsky Memorial 2021"]
[Site "Moscow"]
[Date "2021.02.11"]
[Round "6.5"]
[White "Gunina, Valentina"]
[Black "Esipenko, Andrey"]
[Result "1/2-1/2"]
[WhiteElo "2427"]
[BlackElo "2677"]
[Annotator "TA"]
[PlyCount "125"]
[EventDate "2021.02.10"]
[EventType "tourn"]
[EventCountry "RUS"]
[Tiebreak "Koya+Number of wins"]
[SourceTitle "playchess.com"]
[Source "ChessBase"]
[SourceQuality "1"]

{[%evp 11,125,4,12,9,25,18,24,0,0,21,0,7,-1,18,22,8,23,-8,28,30,37,27,34,-61,
-61,-55,-57,-47,-56,-47,0,-14,48,38,46,50,87,75,69,75,99,87,114,97,131,139,118,
118,114,112,114,33,58,38,67,47,45,32,75,83,82,85,87,0,138,87,70,67,71,66,125,
143,141,131,121,79,85,-114,-108,-113,0,0,0,0,0,0,16,16,16,12,16,12,16,16,16,16,
16,16,16,17,20,16,16,16,16,16,20,12,16,0,0,0,0,0,0,0]} 1. d4 Nf6 2. c4 e6 3.
Nf3 d5 4. Nc3 Bb4 5. Qa4+ Nc6 6. e3 O-O 7. Qc2 {is now debated instead of 7.
Bd2. D38: Queen's Gambit Declined: Ragozin Defence (4 Nf3 Bb4).} Re8 8. Bd2 Bf8
9. a3 {White has an edge.} e5 10. dxe5 Nxe5 11. cxd5 Nxf3+ 12. gxf3 Nxd5 13.
O-O-O {[#]} a5 $146 ({Predecessor:} 13... c6 14. h4 Qf6 15. Bd3 h6 16. f4 Be6
17. f5 Bd7 18. e4 Nb6 19. f4 h5 {0-1 (35) Martirosyan,H (2622)-Maghsoodloo,P 
(2676) chess.com INT 2020}) 14. Bc4 c6 15. Nxd5 cxd5 {[#]} 16. Bc3 $1 Be6 {[#]}
17. Bd3 ({White should play} 17. Kb1 $1 $14) 17... Qh4 $1 $15 18. Kb1 Rec8 19.
Qd2 Qh5 {Threatens to win with ...d4.} 20. Be2 Qh4 21. Bb5 Rxc3 22. Qxc3 $14 ({
Don't play} 22. bxc3 Bxa3 23. Ka2 Bf8 $17) 22... Qxf2 23. f4 Rc8 24. Qd2 Qf3
25. Rhf1 Qh5 26. Bd3 d4 {And now ...Qd5 would win.} 27. f5 dxe3 28. Qxe3 Bd7
29. Qd4 Bc6 30. Rd2 Qg5 {[#]} 31. Bc2 (31. f6 $1 $16 {[%mdl 512]}) 31... Be7 $1
32. Rg1 Qh6 33. Re2 Bf6 34. Qb6 Qh4 35. Rge1 $36 {[%mdl 2048] Keeping Black
busy.} h5 36. Qxa5 Rd8 37. Qb4 (37. Rd1 $16 Rxd1+ 38. Bxd1) 37... Qh3 (37...
Qxb4 $11 38. axb4 Rd4) 38. Qb3 ({White should try} 38. Qf4) 38... Qg4 $16 39.
h3 Qf4 40. Be4 {Black must now prevent Bxc6.} Bxe4+ (40... Bh4 $14) 41. Rxe4
Qxf5 42. Qc2 {Intending Re8+ and mate.} ({Stronger than} 42. Qxb7 Rd2 $11)
42... Qd7 43. h4 g6 44. Rf1 $2 {[#]} (44. Rf4 $16 {and life is bright.} Bg7 45.
Qb3) 44... Bxb2 $17 {[%mdl 512]} 45. Ref4 Bxa3 (45... Bg7 $17 {Hoping for ...
Qb5+.} 46. Rxf7 Qb5+ 47. Ka2 Qd5+ 48. Qb3 Qd2+ 49. Kb1 Kh8) 46. Qb3 $11 {
The position is equal.} Qd3+ 47. Qxd3 Rxd3 48. Rxf7 {[%mdl 4096] Endgame
KRR-KRB} Re3 49. Rxb7 {aiming for Rff7.} Be7 50. Rf4 Re6 51. Kc2 Rf6 52. Re4 (
52. Rc4 {keeps more tension.} Re6 53. Rcc7 Kf7 54. Kc3 Kf8 55. Rc4) 52... Bf8
53. Kd3 Rf7 54. Rb6 Kh7 55. Ree6 Rg7 56. Rb8 Be7 57. Re4 Bf6 58. Rb6 Rd7+ 59.
Ke2 Kg7 60. Ree6 Re7 61. Rxe7+ Bxe7 62. Rb7 Kf8 63. Rb8+ {Weighted Error Value:
White=0.18/Black=0.17} 1/2-1/2

[Event "3rd Dvoretsky Memorial 2021"]
[Site "Moscow"]
[Date "2021.02.11"]
[Round "7.1"]
[White "Esipenko, Andrey"]
[Black "Zvjaginsev, Vadim"]
[Result "0-1"]
[WhiteElo "2677"]
[BlackElo "2614"]
[Annotator "TA"]
[PlyCount "64"]
[EventDate "2021.02.10"]
[EventType "tourn"]
[EventCountry "RUS"]
[Tiebreak "Koya+Number of wins"]
[SourceTitle "playchess.com"]
[Source "ChessBase"]
[SourceQuality "1"]

{[%evp 9,64,-8,0,-5,0,0,0,-7,-7,-22,24,23,17,29,27,33,35,-57,-59,-100,-97,-90,
-93,-97,-80,-160,-160,-154,-139,-157,-110,-124,-122,-112,-100,-104,-93,-157,
-147,-152,-116,-128,-122,-147,-166,-152,-138,-150,-139,-141,-141,-141,-145,
-174,-138,-646,-643]} 1. d4 Nf6 2. Nc3 d5 3. Bf4 e6 4. Nb5 Na6 5. e3 Be7 6. Nf3
{D00: 1 d4 d5: Unusual lines.} O-O 7. h4 {[#]} c6 $146 ({Predecessor:} 7... Ne4
8. Bd3 c6 9. Nc3 f5 10. Ne2 Nb4 11. a3 Nxd3+ 12. cxd3 Nd6 13. Rc1 Nf7 {1-0 (42)
Goryachkina,A (2579)-Ozturk,K (2330) chess.com INT 2020}) 8. Nc3 {The position
is equal.} c5 9. h5 Ne4 10. Nxe4 dxe4 11. Ne5 cxd4 12. exd4 Nb4 13. Bc4 {[#]} (
13. c3 $14) 13... Qxd4 $1 $15 {White must now prevent ...f6.} 14. c3 (14. O-O
Qxb2) 14... Qxd1+ 15. Rxd1 Nd5 {[%cal Bb4d5,Bd5f4,Bf4d3][%mdl 32]} 16. Bg3 Rd8
17. Bh4 (17. Bb3 $142) 17... f6 $17 18. Ng4 Bd7 19. Rd4 b5 20. Bb3 Nf4 21. Bg3
Nd3+ ({Worse is} 21... Nxg2+ 22. Kf1 $16) 22. Ke2 {[#] Threatens to win with
Rxd7!} Nc5 23. Ne3 ({Better is} 23. Bc7) 23... Nxb3 24. axb3 {With the idea
Bc7.} Bc6 25. Rxd8+ Rxd8 26. h6 g5 27. Ra1 Bc5 28. Ng4 Kf7 29. Be5 f5 30. Bc7 {
Strongly threatening Ne5+.} Rc8 31. Ne5+ Kf6 32. Ra6 $2 {[%mdl 8192]} (32. Nxc6
$17 Rxc7 33. Nb8) 32... Be8 {Weighted Error Value: White=0.45/Black=0.07} ({Not
} 32... Rxc7 33. Rxc6 Bb6 34. Rxc7 $17) 0-1

[Event "3rd Dvoretsky Memorial 2021"]
[Site "Moscow"]
[Date "2021.02.11"]
[Round "7.2"]
[White "Murzin, Volodar"]
[Black "Gunina, Valentina"]
[Result "1-0"]
[WhiteElo "2478"]
[BlackElo "2427"]
[Annotator "TA"]
[PlyCount "147"]
[EventDate "2021.02.10"]
[EventType "tourn"]
[EventCountry "RUS"]
[Tiebreak "Koya+Number of wins"]
[SourceTitle "playchess.com"]
[Source "ChessBase"]
[SourceQuality "1"]

{[%evp 9,147,3,10,0,0,0,0,-87,-74,-85,-49,-52,-41,-67,-43,-37,-22,-100,-101,
-106,-122,-98,-106,-141,-160,-149,-102,-111,-103,-115,-81,-77,-85,-107,-114,
-131,-136,-137,-127,-137,-119,-211,-217,-325,-316,-313,-287,-311,-299,-715,
-138,-127,-86,-80,-55,-56,-58,-57,-60,-60,-63,-62,-62,-60,-55,-63,-36,-51,-36,
-47,-49,-43,-34,-36,-9,-52,-23,-50,-50,-51,-54,-100,-102,-103,-100,-118,-112,
-100,-97,-121,-124,-182,-183,-237,-184,-169,-124,-163,-37,-38,-43,-49,0,-50,
-29,-49,-36,-39,-27,-38,0,-25,-25,-25,-8,-8,-8,-10,0,0,0,0,0,0,8,8,66,65,59,15,
81,89,89,95,132,132,127,125,29973,29968]} 1. e4 c6 2. d4 d5 3. f3 e6 4. Nc3 Bb4
5. Bd2 Nf6 {[#]} 6. a3 $146 {B12: Caro-Kann: Advance Variation.} ({Predecessor:
} 6. e5 Nfd7 7. Nce2 Qb6 8. c3 Be7 9. b4 a5 10. a3 f6 11. f4 fxe5 12. fxe5 O-O
13. Nf3 {1-0 (53) Saydaliev,S (2385)-Ezat,M (2408) Chess.com INT 2020}) 6...
Bxc3 7. bxc3 dxe4 8. Qe2 (8. fxe4 $11 e5 9. Nf3) 8... Qd5 9. Nh3 e5 10. Ng5 {
[%cal Rf3e4]} Bf5 11. dxe5 Qxe5 12. g4 $1 {[%cal Rg4f5]} Bd7 13. Bg2 (13. Nxe4
$11 Nxe4 14. Qxe4 Qxe4+ 15. fxe4) 13... O-O $17 14. O-O Qc5+ 15. Be3 Qxc3 16.
Nxe4 Nxe4 17. fxe4 Be6 18. Qf2 Nd7 19. g5 Ne5 {Threatens to win with ...Ng4.}
20. Bd4 Qa5 21. Qg3 Nc4 22. Kh1 Rfd8 23. Rfd1 Rd7 24. Rd3 Qc7 25. Qf2 (25. Qxc7
$17 {was necessary.} Rxc7 26. a4) 25... Ne5 $19 26. Rd2 (26. Rg3 {might work
better.}) 26... Ng4 {[%csl Gg4][%cal Rc7h2]} 27. Qg1 Qf4 {[%mdl 64] Double
Attack} 28. Rad1 Rad8 ({Don't take} 28... Qxg5 29. Bf3 $19) ({Not} 28... Rxd4
29. Rxd4 Qxg5 30. Bf3 $15) 29. Rd3 $2 {[#]} (29. h3 c5 30. hxg4 Qxg4 31. Be3
Rxd2 32. Rxd2 Rxd2 33. Bxd2 Qh5+ 34. Qh2 Qd1+ {[%mdl 64] Double Attack} 35. Qg1
Qxd2 36. Qxc5) 29... Bc4 $2 (29... Rxd4 $1 $19 {[%mdl 512] is more deadly.} 30.
Rf1 Qd6 31. Rxd4 Qxd4 32. Qxd4 Rxd4) 30. Be3 $17 Rxd3 31. Rxd3 Rxd3 32. Bxf4 {
[#]} Rd1 {[%cal Rg4f2]} 33. h3 (33. Qxd1 Nf2+) 33... Nf2+ ({Avoid the trap} 
33... Rxg1+ $2 34. Kxg1 Be2 35. hxg4 $18) 34. Kh2 Rxg1 35. Kxg1 $15 {[%mdl
4096] Endgame KBB-KBN} Nd1 36. Bf3 Nc3 37. Kf2 a6 38. Be5 Na4 (38... Nb5 {
looks sharper.} 39. a4 Na3 40. Bd1 Be6 41. h4 Nc4) 39. Ke3 Be6 40. h4 Nb6 41.
Be2 Nd7 42. Bd4 g6 43. Kd2 Kf8 44. Kc3 Ke7 45. h5 c5 46. Be3 Kd6 47. hxg6 hxg6
48. Bf4+ Kc6 49. Bf1 b5 50. Be2 (50. Bd2 $17) 50... Nb6 $19 51. Bg3 (51. Kd2
$142) 51... a5 52. Kb2 Bh3 53. Be1 Bg2 (53... Na4+ $19 54. Kc1 b4) 54. Bxa5 $15
Bxe4 55. Kc1 Bd5 56. Kd2 (56. Bxb6 $5 Kxb6 57. c4 $11) 56... Nd7 57. Bd8 Nf8
58. Ke3 Ne6 59. Bf6 Nf8 60. Be7 Nd7 61. Kf4 Be6 62. Bf3+ Kc7 63. Be2 c4 64. Bf3
Nb6 65. Ke5 Bf5 66. c3 Na4 67. Bb4 {Bd5 is the strong threat.} Nb2 (67... Be6
$1 $11) 68. Bd5 $1 $14 Nd3+ 69. Kf6 Nf4 (69... Kd7 $1 $11 {keeps the balance.})
70. Bxf7 $16 Kd7 71. Bc5 Kc6 72. Bd4 Kd7 73. Be3 Nd5+ $2 {[%mdl 8192]} 74. Bxd5
{Both players deserved the win here.  Weighted Error Value: White=0.29/Black=0.
26} 1-0